000 01536cam a2200325 4500
008 000000n2002 000 0 eng u
020 _a1860815405
035 _a(Sirsi) u117204
041 _aeng
050 _a624.15
_c18
100 _aHarrison, H. W.
245 _aBRE Building Elements: foundations, basements and external works. Performance, diagnosis, maintenance, repair and the avoidance of defects
260 _aLondon
_bCRC Ltd.
_c2002
300 _avii,254p.
_bill.
_c30cm.
350 _a45
490 _aBRE Building Elements
520 _aPrimarily about those parts of buildings in direct contact with the ground, including foundations and basements, and external works outside the building footprint but inside the site boundary. Includes information relating to wind and rainfall; various types of ground which might be encountered; characteristics of foundations which need to be used; structural and waterproofing aspects of basements; wastewater and surface water drains; supply of utilities; footpaths and access for vehicles; freestanding walls ; hard and soft landscaping.
650 _aBASEMENTS
650 _aBUILDING DEFECTS
650 _aCELLARS
650 _aCONTAMINATED LAND
650 _aEXTERNAL WORKS
650 _aBUILT ENVIRONMENT-BUILDING ELEMENTS-COMPLETE BUILDING ELEMENTS-FOUNDATIONS
650 _aSITE CONDITIONS
650 _aUNDERGROUND BUILDINGS
690 _aBUILT ENVIRONMENT
700 _aTrotman P. M.
710 _aBuilding Research Establishment
942 _n0
999 _c101953
_d101953